[Event "DVM U20 2020"]
[Site "Willingen GER"]
[Date "2021.06.27"]
[Round "7"]
[White "Mätzkow, Maximilian Paul"]
[Black "Wendler, David"]
[Result "1/2-1/2"]
[Termination "normal"]
[Board "6.1"]
[WhiteTitle "FM"]
[WhiteElo "2231"]
[BlackElo "2295"]
[WhiteClock "00:16:56"]
[BlackClock "00:47:18"]
[WhiteTeam "SC Kreuzberg e.V."]
[BlackTeam "SK Bebenhausen 1992"]
[PlyCount "49"]
[WhiteFideId "24679933"]
[BlackFideId "12938360"]
[EventCountry "GER"]
[EventRounds "7"]
[EventType "team-swiss"]
[EventDate "2021.06.23"]

1. e4 {[%clk 01:30:59]} c5 {[%clk 01:30:53]} {[%emt 00:00:07]} 2. Nf3 {[%clk
01:31:26]} {[%emt 00:00:03]} Nc6 {[%clk 01:31:16]} {[%emt 00:00:06]} 3. Bb5
{[%clk 01:31:52]} {[%emt 00:00:04]} g6 {[%clk 01:31:22]} {[%emt 00:00:25]} 4.
Bxc6 {[%clk 01:32:17]} {[%emt 00:00:05]} bxc6 {[%clk 01:31:49]} {[%emt
00:00:03]} 5. O-O {[%clk 01:32:33]} {[%emt 00:00:15]} Bg7 {[%clk 01:32:15]}
{[%emt 00:00:03]} 6. Re1 {[%clk 01:32:59]} {[%emt 00:00:04]} Nh6 {[%clk
01:30:07]} {[%emt 00:02:38]} 7. c3 {[%clk 01:33:18]} {[%emt 00:00:11]} O-O
{[%clk 01:30:09]} {[%emt 00:00:28]} 8. d4 {[%clk 01:33:26]} {[%emt 00:00:22]}
cxd4 {[%clk 01:30:36]} {[%emt 00:00:03]} 9. cxd4 {[%clk 01:33:50]} {[%emt
00:00:06]} f6 {[%clk 01:30:52]} {[%emt 00:00:13]} 10. h3 {[%clk 01:33:16]}
{[%emt 00:01:05]} Nf7 {[%clk 01:31:05]} {[%emt 00:00:17]} 11. Nc3 {[%clk
01:33:10]} {[%emt 00:00:35]} Rb8 {[%clk 01:25:32]} {[%emt 00:06:04]} 12. b3
{[%clk 01:32:51]} {[%emt 00:00:49]} d6 {[%clk 01:25:27]} {[%emt 00:00:35]} 13.
Bb2 {[%clk 01:23:56]} {[%emt 00:09:25]} e5 {[%clk 01:17:49]} {[%emt 00:08:08]}
14. Ne2 {[%clk 00:59:42]} {[%emt 00:24:44]} d5 {[%clk 01:10:05]} {[%emt
00:08:14]} 15. Ng3 {[%clk 00:37:44]} {[%emt 00:22:28]} dxe4 {[%clk 00:52:34]}
{[%emt 00:18:02]} 16. Nxe4 {[%clk 00:37:38]} {[%emt 00:00:35]} f5 {[%clk
00:52:52]} {[%emt 00:00:13]} 17. Nc5 {[%clk 00:37:52]} {[%emt 00:00:16]} e4
{[%clk 00:53:09]} {[%emt 00:00:13]} 18. Ne5 {[%clk 00:38:08]} {[%emt 00:00:13]}
Nxe5 {[%clk 00:52:34]} {[%emt 00:01:06]} 19. dxe5 {[%clk 00:38:36]} {[%emt
00:00:02]} Qe7 {[%clk 00:52:20]} {[%emt 00:00:43]} 20. Rc1 {[%clk 00:32:16]}
{[%emt 00:06:51]} Bxe5 {[%clk 00:52:29]} {[%emt 00:00:20]} 21. Bxe5 {[%clk
00:32:29]} {[%emt 00:00:18]} Qxe5 {[%clk 00:52:55]} {[%emt 00:00:04]} 22. Nd7
{[%clk 00:32:45]} {[%emt 00:00:14]} Bxd7 {[%clk 00:53:10]} {[%emt 00:00:15]}
23. Qxd7 {[%clk 00:30:46]} {[%emt 00:02:29]} Rbd8 {[%clk 00:47:08]} {[%emt
00:06:31]} 24. Qxc6 {[%clk 00:30:10]} {[%emt 00:01:06]} Rd2 {[%clk 00:47:18]}
{[%emt 00:00:20]} 25. Rc2 {[%clk 00:16:56]} {[%emt 00:13:44]} 1/2-1/2

[Event "DVM U20 2020"]
[Site "Willingen GER"]
[Date "2021.06.27"]
[Round "7"]
[White "Waffenschmidt, Lars"]
[Black "Dathe, Frederick"]
[Result "1/2-1/2"]
[Termination "normal"]
[Board "6.2"]
[WhiteElo "1896"]
[BlackElo "1992"]
[WhiteClock "00:07:09"]
[BlackClock "00:13:57"]
[WhiteTeam "SK Bebenhausen 1992"]
[BlackTeam "SC Kreuzberg e.V."]
[PlyCount "71"]
[WhiteFideId "16244656"]
[BlackFideId "12963070"]
[EventCountry "GER"]
[EventRounds "7"]
[EventType "team-swiss"]
[EventDate "2021.06.23"]

1. e4 {[%clk 01:30:55]} {[%emt 00:00:03]} c5 {[%clk 01:30:18]} {[%emt
00:00:42]} 2. Nf3 {[%clk 01:30:45]} {[%emt 00:00:40]} Nc6 {[%clk 01:30:04]}
{[%emt 00:00:44]} 3. c3 {[%clk 01:30:06]} {[%emt 00:01:11]} Nf6 {[%clk
01:28:44]} {[%emt 00:01:49]} 4. e5 {[%clk 01:29:53]} {[%emt 00:00:43]} Nd5
{[%clk 01:28:50]} {[%emt 00:00:24]} 5. d4 {[%clk 01:29:16]} {[%emt 00:01:08]}
cxd4 {[%clk 01:28:20]} {[%emt 00:01:00]} 6. cxd4 {[%clk 01:28:34]} {[%emt
00:01:11]} d6 {[%clk 01:27:14]} {[%emt 00:01:36]} 7. Bc4 {[%clk 01:26:28]}
{[%emt 00:02:36]} Nb6 {[%clk 01:25:14]} {[%emt 00:02:30]} 8. Bb5 {[%clk
01:25:21]} {[%emt 00:01:37]} dxe5 {[%clk 01:21:25]} {[%emt 00:04:19]} 9. Nxe5
{[%clk 01:25:28]} {[%emt 00:00:23]} Bd7 {[%clk 01:21:20]} {[%emt 00:00:35]} 10.
Nxd7 {[%clk 01:25:02]} {[%emt 00:00:56]} Qxd7 {[%clk 01:20:57]} {[%emt
00:00:53]} 11. Nc3 {[%clk 01:24:20]} {[%emt 00:01:12]} e6 {[%clk 01:18:48]}
{[%emt 00:02:39]} 12. O-O {[%clk 01:22:53]} {[%emt 00:01:56]} Rd8 {[%clk
01:16:12]} {[%emt 00:03:06]} 13. Bg5 {[%clk 01:00:52]} {[%emt 00:22:31]} Be7
{[%clk 01:11:45]} {[%emt 00:04:58]} 14. Bxe7 {[%clk 00:58:51]} {[%emt
00:02:31]} Qxe7 {[%clk 01:06:46]} {[%emt 00:05:29]} 15. Qf3 {[%clk 00:56:54]}
{[%emt 00:02:27]} O-O {[%clk 00:53:40]} {[%emt 00:13:36]} 16. Bxc6 {[%clk
00:57:00]} {[%emt 00:00:25]} bxc6 {[%clk 00:53:57]} {[%emt 00:00:13]} 17. Qxc6
{[%clk 00:47:22]} {[%emt 00:10:08]} Rxd4 {[%clk 00:49:40]} {[%emt 00:04:46]}
18. Rfd1 {[%clk 00:42:45]} {[%emt 00:05:08]} Rfd8 {[%clk 00:45:40]} {[%emt
00:04:30]} 19. Rxd4 {[%clk 00:34:23]} {[%emt 00:08:52]} Rxd4 {[%clk 00:45:58]}
{[%emt 00:00:12]} 20. Rd1 {[%clk 00:33:40]} {[%emt 00:01:12]} e5 {[%clk
00:42:06]} {[%emt 00:04:22]} 21. g3 {[%clk 00:27:36]} {[%emt 00:06:34]} h5
{[%clk 00:37:16]} {[%emt 00:05:20]} 22. Qf3 {[%clk 00:24:16]} {[%emt 00:03:50]}
h4 {[%clk 00:34:20]} {[%emt 00:03:26]} 23. Qe2 {[%clk 00:12:56]} {[%emt
00:11:50]} Qd7 {[%clk 00:30:37]} {[%emt 00:04:12]} 24. b3 {[%clk 00:10:23]}
{[%emt 00:03:04]} h3 {[%clk 00:28:11]} 25. Qf3 {[%clk 00:08:30]} {[%emt
00:05:18]} e4 {[%clk 00:14:05]} 26. Rxd4 {[%clk 00:07:09]} {[%emt 00:16:29]}
Qxd4 {[%clk 00:13:57]} 27. Qe3 {[%clk 00:07:09]} Qe5 {[%clk 00:13:57]} 28. f4
{[%clk 00:07:09]} Qh5 {[%clk 00:13:57]} 29. Qd4 {[%clk 00:07:09]} f6 {[%clk
00:13:57]} 30. Qxe4 {[%clk 00:07:09]} Qc5+ {[%clk 00:13:57]} 31. Kf1 {[%clk
00:07:09]} Qxc3 {[%clk 00:13:57]} 32. Qe8+ {[%clk 00:07:09]} Kh7 {[%clk
00:13:57]} 33. Qh5+ {[%clk 00:07:09]} Kg8 {[%clk 00:13:57]} 34. Qe8+ {[%clk
00:07:09]} Kh7 {[%clk 00:13:57]} 35. Qh5+ {[%clk 00:07:09]} Kg8 {[%clk
00:13:57]} 36. Qe8+ {[%clk 00:07:09]} 1/2-1/2

[Event "DVM U20 2020"]
[Site "Willingen GER"]
[Date "2021.06.27"]
[Round "7"]
[White "Hommel, Niclas"]
[Black "Freiherr von Hauff, Christopher"]
[Result "1-0"]
[Termination "normal"]
[Board "6.3"]
[WhiteElo "2062"]
[BlackElo "1832"]
[WhiteClock "00:04:32"]
[BlackClock "00:03:35"]
[WhiteTeam "SC Kreuzberg e.V."]
[BlackTeam "SK Bebenhausen 1992"]
[PlyCount "91"]
[WhiteFideId "12974927"]
[BlackFideId "16200691"]
[EventCountry "GER"]
[EventRounds "7"]
[EventType "team-swiss"]
[EventDate "2021.06.23"]

1. e4 {[%clk 01:30:58]} {[%emt 00:00:02]} e5 {[%clk 01:30:55]} {[%emt
00:00:05]} 2. Nf3 {[%clk 01:31:24]} {[%emt 00:00:04]} Nc6 {[%clk 01:31:19]}
{[%emt 00:00:06]} 3. Bc4 {[%clk 01:31:49]} {[%emt 00:00:04]} Nf6 {[%clk
01:31:42]} {[%emt 00:00:08]} 4. d3 {[%clk 01:32:11]} {[%emt 00:00:08]} d5
{[%clk 01:31:38]} {[%emt 00:00:34]} 5. exd5 {[%clk 01:32:35]} {[%emt 00:00:06]}
Nxd5 {[%clk 01:32:01]} {[%emt 00:00:06]} 6. O-O {[%clk 01:33:01]} {[%emt
00:00:05]} Bc5 {[%clk 01:32:20]} {[%emt 00:00:11]} 7. Re1 {[%clk 01:33:25]}
{[%emt 00:00:06]} O-O {[%clk 01:32:35]} {[%emt 00:00:15]} 8. Nc3 {[%clk
01:33:49]} {[%emt 00:00:06]} Nxc3 {[%clk 01:21:57]} {[%emt 00:11:08]} 9. bxc3
{[%clk 01:34:12]} {[%emt 00:00:06]} Bg4 {[%clk 01:22:10]} {[%emt 00:00:17]} 10.
h3 {[%clk 01:34:32]} {[%emt 00:00:10]} Bh5 {[%clk 01:14:17]} {[%emt 00:08:23]}
11. Rb1 {[%clk 01:22:37]} {[%emt 00:12:25]} Bb6 {[%clk 01:07:46]} {[%emt
00:07:02]} 12. Rb5 {[%clk 00:49:33]} {[%emt 00:33:33]} Re8 {[%clk 00:47:14]}
{[%emt 00:21:02]} 13. Rd5 {[%clk 00:40:18]} {[%emt 00:09:46]} Qc8 {[%clk
00:42:39]} {[%emt 00:05:03]} 14. d4 {[%clk 00:27:32]} {[%emt 00:13:17]} Bxf3
{[%clk 00:37:27]} {[%emt 00:05:43]} 15. Qxf3 {[%clk 00:28:01]} exd4 {[%clk
00:36:01]} {[%emt 00:01:57]} 16. Qxf7+ {[%clk 00:28:20]} {[%emt 00:00:11]} Kxf7
{[%clk 00:31:39]} {[%emt 00:04:51]} 17. Rd6+ {[%clk 00:28:37]} {[%emt
00:00:14]} Qe6 {[%clk 00:22:38]} {[%emt 00:09:30]} 18. Rdxe6 {[%clk 00:28:30]}
{[%emt 00:00:37]} Rxe6 {[%clk 00:22:21]} {[%emt 00:00:48]} 19. Rxe6 {[%clk
00:28:29]} {[%emt 00:00:30]} Na5 {[%clk 00:18:10]} {[%emt 00:04:42]} 20. Rxb6+
{[%clk 00:24:17]} {[%emt 00:04:41]} Nxc4 {[%clk 00:17:48]} {[%emt 00:00:51]}
21. Rxb7 {[%clk 00:24:42]} {[%emt 00:00:06]} Rc8 {[%clk 00:16:54]} {[%emt
00:01:23]} 22. cxd4 {[%clk 00:25:04]} {[%emt 00:00:10]} a5 {[%clk 00:12:05]}
{[%emt 00:05:19]} 23. Bf4 {[%clk 00:22:01]} {[%emt 00:03:32]} Ke6 {[%clk
00:11:37]} {[%emt 00:00:58]} 24. Rxc7 {[%clk 00:05:53]} {[%emt 00:16:39]} Rxc7
{[%clk 00:11:57]} {[%emt 00:00:10]} 25. Bxc7 {[%clk 00:06:18]} {[%emt
00:00:04]} Kd5 {[%clk 00:12:13]} {[%emt 00:00:14]} 26. c3 {[%clk 00:05:07]}
{[%emt 00:01:42]} Ke4 {[%clk 00:06:40]} {[%emt 00:06:02]} 27. Kf1 {[%clk
00:05:33]} {[%emt 00:00:04]} Kd3 {[%clk 00:07:06]} {[%emt 00:00:05]} 28. d5
{[%clk 00:05:48]} {[%emt 00:00:15]} a4 {[%clk 00:06:00]} {[%emt 00:01:36]} 29.
d6 {[%clk 00:06:15]} {[%emt 00:00:04]} Ne5 {[%clk 00:06:23]} {[%emt 00:00:06]}
30. Ba5 {[%clk 00:06:35]} {[%emt 00:00:10]} Kd2 {[%clk 00:02:43]} {[%emt
00:04:10]} 31. Bb4 {[%clk 00:05:50]} {[%emt 00:01:15]} Nc6 {[%clk 00:02:29]}
{[%emt 00:00:43]} 32. d7 {[%clk 00:05:18]} {[%emt 00:01:03]} Kc2 {[%clk
00:02:15]} {[%emt 00:00:43]} 33. Be7 {[%clk 00:05:35]} {[%emt 00:00:13]} Kxc3
{[%clk 00:01:37]} {[%emt 00:01:07]} 34. d8=Q {[%clk 00:05:57]} {[%emt
00:00:07]} Nxd8 {[%clk 00:02:02]} {[%emt 00:00:06]} 35. Bxd8 {[%clk 00:06:23]}
{[%emt 00:00:03]} Kb2 {[%clk 00:02:25]} {[%emt 00:00:07]} 36. Ke2 {[%clk
00:06:01]} {[%emt 00:00:52]} Kxa2 {[%clk 00:02:49]} {[%emt 00:00:06]} 37. Be7
{[%clk 00:06:24]} {[%emt 00:00:08]} Kb3 {[%clk 00:02:47]} {[%emt 00:00:31]} 38.
Kd3 {[%clk 00:06:47]} {[%emt 00:00:08]} a3 {[%clk 00:03:08]} {[%emt 00:00:08]}
39. Bf8 {[%clk 00:04:33]} {[%emt 00:02:45]} g6 {[%clk 00:03:20]} {[%emt
00:00:17]} 40. Bxa3 {[%clk 00:03:02]} {[%emt 00:02:00]} Kxa3 {[%clk 00:03:43]}
{[%emt 00:00:06]} 41. f4 {[%clk 00:02:37]} {[%emt 00:00:56]} Kb4 {[%clk
00:03:05]} {[%emt 00:01:08]} 42. Kd4 {[%clk 00:03:02]} {[%emt 00:00:05]} Kb5
{[%clk 00:02:52]} {[%emt 00:00:42]} 43. Kd5 {[%clk 00:03:18]} {[%emt 00:00:14]}
Kb4 {[%clk 00:03:00]} {[%emt 00:00:22]} 44. g4 {[%clk 00:03:42]} {[%emt
00:00:06]} Kc3 {[%clk 00:03:11]} {[%emt 00:00:20]} 45. f5 {[%clk 00:04:08]}
{[%emt 00:00:03]} gxf5 {[%clk 00:03:35]} {[%emt 00:00:06]} 46. gxf5 {[%clk
00:04:32]} {[%emt 00:00:05]} 1-0

[Event "DVM U20 2020"]
[Site "Willingen GER"]
[Date "2021.06.27"]
[Round "7"]
[White "Kasüschke, Lars"]
[Black "Flood, Yosime"]
[Result "1/2-1/2"]
[Termination "normal"]
[Board "6.4"]
[WhiteElo "1960"]
[BlackElo "1697"]
[WhiteClock "00:04:30"]
[BlackClock "00:33:28"]
[WhiteTeam "SK Bebenhausen 1992"]
[BlackTeam "SC Kreuzberg e.V."]
[PlyCount "99"]
[WhiteFideId "12939510"]
[BlackFideId "16269535"]
[EventCountry "GER"]
[EventRounds "7"]
[EventType "team-swiss"]
[EventDate "2021.06.23"]

1. e4 {[%clk 01:30:48]} {[%emt 00:00:11]} c5 {[%clk 01:30:54]} {[%emt
00:00:07]} 2. Nf3 {[%clk 01:31:09]} {[%emt 00:00:08]} e6 {[%clk 01:31:18]}
{[%emt 00:00:06]} 3. b3 {[%clk 01:31:23]} {[%emt 00:00:16]} b6 {[%clk
01:31:43]} {[%emt 00:00:06]} 4. Bd3 {[%clk 01:31:40]} {[%emt 00:00:14]} Bb7
{[%clk 01:32:07]} {[%emt 00:00:06]} 5. O-O {[%clk 01:31:47]} {[%emt 00:00:22]}
Nc6 {[%clk 01:32:30]} {[%emt 00:00:07]} 6. Re1 {[%clk 01:32:01]} {[%emt
00:00:15]} Be7 {[%clk 01:32:35]} {[%emt 00:00:26]} 7. Bb2 {[%clk 01:32:01]}
{[%emt 00:00:30]} Nf6 {[%clk 01:32:57]} {[%emt 00:00:08]} 8. e5 {[%clk
01:32:06]} {[%emt 00:00:25]} Nh5 {[%clk 01:33:10]} {[%emt 00:00:18]} 9. Bf1
{[%clk 01:32:19]} {[%emt 00:00:16]} Nf4 {[%clk 01:29:07]} {[%emt 00:04:33]} 10.
g3 {[%clk 01:31:13]} {[%emt 00:01:35]} Ng6 {[%clk 01:24:32]} {[%emt 00:05:06]}
11. Bg2 {[%clk 01:28:11]} {[%emt 00:03:32]} h5 {[%clk 01:21:00]} {[%emt
00:04:03]} 12. h4 {[%clk 01:27:36]} {[%emt 00:01:04]} d5 {[%clk 01:19:52]}
{[%emt 00:01:38]} 13. exd6 {[%clk 01:22:37]} {[%emt 00:05:29]} Qxd6 {[%clk
01:20:08]} {[%emt 00:00:14]} 14. Na3 {[%clk 01:19:41]} {[%emt 00:03:26]} O-O-O
{[%clk 01:16:57]} {[%emt 00:03:40]} 15. Nc4 {[%clk 01:17:59]} {[%emt 00:02:12]}
Qc7 {[%clk 01:14:12]} {[%emt 00:03:16]} 16. a4 {[%clk 01:12:00]} {[%emt
00:06:30]} Bf6 {[%clk 01:10:03]} {[%emt 00:04:39]} 17. Rb1 {[%clk 00:55:28]}
{[%emt 00:17:01]} Nd4 {[%clk 00:56:23]} {[%emt 00:14:10]} 18. Bxd4 {[%clk
00:51:30]} {[%emt 00:04:28]} Bxd4 {[%clk 00:56:21]} {[%emt 00:00:32]} 19. Nxd4
{[%clk 00:49:45]} {[%emt 00:02:14]} Rxd4 {[%clk 00:56:40]} {[%emt 00:00:12]}
20. Re3 {[%clk 00:41:35]} {[%emt 00:08:40]} Bxg2 {[%clk 00:50:23]} {[%emt
00:06:46]} 21. Kxg2 {[%clk 00:41:50]} {[%emt 00:00:16]} Ne7 {[%clk 00:43:59]}
{[%emt 00:06:54]} 22. c3 {[%clk 00:36:49]} {[%emt 00:05:31]} Rdd8 {[%clk
00:33:47]} {[%emt 00:10:41]} 23. Re5 {[%clk 00:31:42]} {[%emt 00:05:37]} Rd5
{[%clk 00:28:06]} {[%emt 00:06:12]} 24. d4 {[%clk 00:22:50]} {[%emt 00:09:22]}
Rxe5 {[%clk 00:21:54]} {[%emt 00:06:43]} 25. Nxe5 {[%clk 00:19:27]} {[%emt
00:03:52]} Nc6 {[%clk 00:22:00]} {[%emt 00:00:24]} 26. Nf3 {[%clk 00:14:09]}
{[%emt 00:05:48]} Rd8 {[%clk 00:17:43]} {[%emt 00:04:47]} 27. Qf1 {[%clk
00:12:44]} {[%emt 00:01:55]} cxd4 {[%clk 00:16:49]} {[%emt 00:01:25]} 28. cxd4
{[%clk 00:13:03]} {[%emt 00:00:11]} Qd6 {[%clk 00:17:10]} {[%emt 00:00:09]} 29.
Rd1 {[%clk 00:09:54]} {[%emt 00:03:39]} Qd5 {[%clk 00:16:55]} {[%emt 00:00:45]}
30. Qd3 {[%clk 00:07:21]} {[%emt 00:03:02]} Ne5 {[%clk 00:15:10]} {[%emt
00:02:16]} 31. Qc3+ {[%clk 00:05:20]} {[%emt 00:02:31]} Kb8 {[%clk 00:15:12]}
{[%emt 00:00:28]} 32. Qe3 {[%clk 00:04:42]} {[%emt 00:01:06]} Nxf3 {[%clk
00:15:20]} {[%emt 00:00:24]} 33. Qxf3 {[%clk 00:05:06]} {[%emt 00:00:05]} Kb7
{[%clk 00:15:13]} {[%emt 00:00:38]} 34. Qxd5+ {[%clk 00:04:13]} {[%emt
00:01:22]} Rxd5 {[%clk 00:15:35]} {[%emt 00:00:09]} 35. Kf3 {[%clk 00:04:33]}
{[%emt 00:00:10]} Rd7 {[%clk 00:15:10]} {[%emt 00:00:56]} 36. Ke4 {[%clk
00:04:51]} {[%emt 00:00:11]} Kc6 {[%clk 00:15:30]} {[%emt 00:00:10]} 37. b4
{[%clk 00:04:40]} {[%emt 00:00:41]} a6 {[%clk 00:13:28]} {[%emt 00:02:32]} 38.
f3 {[%clk 00:03:39]} {[%emt 00:01:32]} Kd6 {[%clk 00:10:48]} {[%emt 00:03:09]}
39. Rc1 {[%clk 00:02:22]} {[%emt 00:01:47]} Rc7 {[%clk 00:10:04]} {[%emt
00:01:15]} 40. Rxc7 {[%clk 00:02:25]} {[%emt 00:00:26]} Kxc7 {[%clk 00:10:29]}
{[%emt 00:00:05]} 41. Ke5 {[%clk 00:18:35]} {[%emt 00:14:20]} Kd7 {[%clk
00:37:18]} {[%emt 00:03:41]} 42. b5 {[%clk 00:10:24]} {[%emt 00:08:41]} axb5
{[%clk 00:36:48]} {[%emt 00:01:02]} 43. axb5 {[%clk 00:10:46]} {[%emt
00:00:06]} f6+ {[%clk 00:35:06]} {[%emt 00:02:12]} 44. Ke4 {[%clk 00:10:13]}
{[%emt 00:01:02]} Kd6 {[%clk 00:34:55]} {[%emt 00:00:42]} 45. g4 {[%clk
00:06:32]} {[%emt 00:04:11]} g6 {[%clk 00:34:45]} {[%emt 00:00:40]} 46. gxh5
{[%clk 00:04:52]} {[%emt 00:02:09]} gxh5 {[%clk 00:34:07]} {[%emt 00:01:09]}
47. f4 {[%clk 00:03:36]} {[%emt 00:01:46]} f5+ {[%clk 00:33:59]} {[%emt
00:00:38]} 48. Ke3 {[%clk 00:03:59]} {[%emt 00:00:07]} Kc7 {[%clk 00:33:13]}
{[%emt 00:01:17]} 49. Kd3 {[%clk 00:04:09]} {[%emt 00:00:20]} Kd7 {[%clk
00:33:28]} {[%emt 00:00:16]} 50. Kc3 {[%clk 00:04:30]} {[%emt 00:00:09]}
1/2-1/2

[Event "DVM U20 2020"]
[Site "Willingen GER"]
[Date "2021.06.27"]
[Round "7"]
[White "Fock, Sana"]
[Black "Omert, Oliver"]
[Result "1/2-1/2"]
[Termination "normal"]
[Board "6.5"]
[WhiteElo "1821"]
[BlackElo "1897"]
[WhiteClock "00:10:50"]
[BlackClock "00:01:08"]
[WhiteTeam "SC Kreuzberg e.V."]
[BlackTeam "SK Bebenhausen 1992"]
[PlyCount "70"]
[WhiteFideId "12981966"]
[BlackFideId "16261208"]
[EventCountry "GER"]
[EventRounds "7"]
[EventType "team-swiss"]
[EventDate "2021.06.23"]

1. e4 {[%clk 01:30:59]} c6 {[%clk 01:30:54]} {[%emt 00:00:06]} 2. d4 {[%clk
01:31:24]} {[%emt 00:00:06]} d5 {[%clk 01:31:20]} {[%emt 00:00:03]} 3. Nd2
{[%clk 01:31:49]} {[%emt 00:00:05]} dxe4 {[%clk 01:31:46]} {[%emt 00:00:05]} 4.
Nxe4 {[%clk 01:32:13]} {[%emt 00:00:05]} Bf5 {[%clk 01:31:40]} {[%emt
00:00:37]} 5. Ng3 {[%clk 01:32:27]} {[%emt 00:00:15]} Bg6 {[%clk 01:32:05]}
{[%emt 00:00:05]} 6. h4 {[%clk 01:32:14]} {[%emt 00:00:44]} h6 {[%clk
01:32:30]} {[%emt 00:00:05]} 7. Nf3 {[%clk 01:32:39]} {[%emt 00:00:05]} Nd7
{[%clk 01:32:51]} {[%emt 00:00:08]} 8. h5 {[%clk 01:33:00]} {[%emt 00:00:10]}
Bh7 {[%clk 01:33:16]} {[%emt 00:00:05]} 9. Bd3 {[%clk 01:33:17]} {[%emt
00:00:13]} Bxd3 {[%clk 01:33:41]} {[%emt 00:00:05]} 10. Qxd3 {[%clk 01:33:43]}
{[%emt 00:00:03]} e6 {[%clk 01:33:54]} {[%emt 00:00:17]} 11. Bf4 {[%clk
01:33:21]} {[%emt 00:00:52]} Qa5+ {[%clk 01:33:35]} {[%emt 00:00:48]} 12. Bd2
{[%clk 01:33:36]} {[%emt 00:00:16]} Bb4 {[%clk 01:33:36]} {[%emt 00:00:28]} 13.
c3 {[%clk 01:31:11]} {[%emt 00:02:57]} Be7 {[%clk 01:34:00]} {[%emt 00:00:06]}
14. c4 {[%clk 01:26:03]} {[%emt 00:05:38]} Qc7 {[%clk 01:28:34]} {[%emt
00:05:55]} 15. O-O-O {[%clk 01:19:03]} {[%emt 00:07:30]} Ngf6 {[%clk 01:26:46]}
{[%emt 00:02:18]} 16. Qe2 {[%clk 01:16:24]} {[%emt 00:03:09]} O-O {[%clk
01:15:47]} {[%emt 00:11:29]} 17. Ne4 {[%clk 01:07:05]} {[%emt 00:09:49]} Nxe4
{[%clk 01:14:04]} {[%emt 00:02:13]} 18. Qxe4 {[%clk 01:07:26]} {[%emt
00:00:09]} Nf6 {[%clk 01:14:22]} {[%emt 00:00:12]} 19. Qe2 {[%clk 01:07:11]}
{[%emt 00:00:45]} b5 {[%clk 01:11:38]} {[%emt 00:03:13]} 20. c5 {[%clk
01:03:08]} {[%emt 00:04:34]} Rfd8 {[%clk 01:00:22]} {[%emt 00:11:45]} 21. g4
{[%clk 00:59:11]} {[%emt 00:04:29]} Nh7 {[%clk 00:48:38]} {[%emt 00:12:13]} 22.
Qe4 {[%clk 00:51:17]} {[%emt 00:08:24]} Qd7 {[%clk 00:36:49]} {[%emt 00:12:19]}
23. Ba5 {[%clk 00:38:33]} {[%emt 00:13:14]} Qd5 {[%clk 00:35:23]} {[%emt
00:01:55]} 24. Qxd5 {[%clk 00:37:30]} {[%emt 00:01:34]} Rxd5 {[%clk 00:34:50]}
{[%emt 00:01:04]} 25. Rhe1 {[%clk 00:36:51]} {[%emt 00:01:08]} Bd8 {[%clk
00:27:21]} {[%emt 00:08:00]} 26. Bxd8 {[%clk 00:34:54]} {[%emt 00:02:26]} Raxd8
{[%clk 00:20:28]} {[%emt 00:07:22]} 27. Re3 {[%clk 00:29:29]} {[%emt 00:05:56]}
Nf6 {[%clk 00:11:37]} {[%emt 00:09:22]} 28. Rg1 {[%clk 00:27:29]} {[%emt
00:02:29]} a5 {[%clk 00:11:14]} {[%emt 00:00:53]} 29. Kc2 {[%clk 00:26:08]}
{[%emt 00:01:51]} Kf8 {[%clk 00:07:54]} {[%emt 00:03:51]} 30. Kc3 {[%clk
00:21:45]} {[%emt 00:04:52]} R5d7 {[%clk 00:05:19]} {[%emt 00:03:05]} 31. Kc2
{[%clk 00:16:56]} {[%emt 00:05:19]} Rd5 {[%clk 00:04:05]} {[%emt 00:01:44]} 32.
Kc3 {[%clk 00:15:50]} {[%emt 00:01:36]} R5d7 {[%clk 00:04:20]} {[%emt
00:00:16]} 33. Kc2 {[%clk 00:15:28]} {[%emt 00:00:51]} Nd5 {[%clk 00:03:08]}
{[%emt 00:01:42]} 34. Re4 {[%clk 00:10:55]} {[%emt 00:05:02]} Nf6 {[%clk
00:01:27]} {[%emt 00:02:11]} 35. Re3 {[%clk 00:10:50]} {[%emt 00:00:34]} Rd5
{[%clk 00:01:08]} {[%emt 00:00:50]} 1/2-1/2